000 00541nam a2200169Ia 4500
003 GCL
008 140319s9999 xx 000 0 ara d
040 _aGCL /
_cGCL
082 0 4 _a257.3
_bم ا
100 1 _aمحمد عبدالمنعم خفاجى
245 1 0 _aالاقتصاد الاسلامى /
_cمحمد عبدالمنعم خفاجى
260 _a[S.N] :
_bدار الجيل ،
_c1990
490 _a
650 0 4 _aالاقتصاد الاسلامى
650 0 4 _aالاسلام والاصلاح الاقتصادى
942 _2ddc
_cBK
999 _c54801
_d54801